[Event "Hazel Park (MCO/2/18)"]
[Site "?"]
[Date "1987.??.??"]
[Round "?"]
[White "Moody, David"]
[Black "McNeilly, A.."]
[Result "1-0"]
[WhiteElo "1995"]
[BlackElo "1755"]
[PlyCount "41"]
[EventDate "1987.??.??"]

{2/(18)} 1. e4 c5 2. Nf3 d6 3. d4 cxd4 4. Nxd4 Nf6 5. Nc3 a6 6. Be3 e6 7. g3
Be7 8. Bg2 O-O 9. O-O Qc7 10. a4 Rd8 11. a5 Nc6 12. Nxc6 Qxc6 13. e5 d5 14.
exf6 Bxf6 15. Bd4 Bxd4 16. Qxd4 f6 17. Rfd1 Bd7 18. Nxd5 Qxc2 19. Rac1 Qe2 20.
Qe3 Qxb2 21. Nb6 1-0

[Event "Lansing (MI Op/3/30)"]
[Site "?"]
[Date "1987.??.??"]
[Round "?"]
[White "Moody, David"]
[Black "Lynch, W.."]
[Result "1-0"]
[WhiteElo "2025"]
[BlackElo "1795"]
[PlyCount "27"]
[EventDate "1987.??.??"]

{3/(30)} 1. e4 c5 2. Nf3 d6 3. d4 cxd4 4. Nxd4 Nf6 5. Nc3 a6 6. Be3 e6 7. g3
Be7 8. Bg2 Qc7 9. O-O O-O 10. f4 e5 11. fxe5 dxe5 12. Nf5 Rd8 13. Qe2 Nbd7 14.
Nxe7+ 1-0

[Event "Hazel Park (MCO/4/16)"]
[Site "?"]
[Date "1987.??.??"]
[Round "?"]
[White "Moody, David"]
[Black "Lang, Brad"]
[Result "1-0"]
[WhiteElo "1995"]
[BlackElo "1755"]
[PlyCount "39"]
[EventDate "1987.??.??"]

{4/(16)} 1. e4 Nc6 2. Nf3 f5 3. d3 fxe4 4. Ng5 Nf6 5. Nc3 d6 6. dxe4 h6 7. Nf3
Bg4 8. Bc4 e5 9. Be3 Qd7 10. Qe2 a6 11. O-O-O Be6 12. Nd5 Nxe4 13. Nxc7+ Qxc7
14. Bxe6 Nf6 15. Qc4 Qe7 16. Bb6 Nd7 17. Bc7 Nd8 18. Rxd6 Rc8 19. Bxd7+ Qxd7
20. Rxd7 1-0

[Event "Lansing (MI Op/5/21)"]
[Site "?"]
[Date "1987.??.??"]
[Round "?"]
[White "Moody, David"]
[Black "Kung, Fred"]
[Result "0-1"]
[WhiteElo "2025"]
[BlackElo "1870"]
[PlyCount "78"]
[EventDate "1987.??.??"]

{5/(21)} 1. Nf3 d5 2. g3 c5 3. Bg2 Nf6 4. O-O Nc6 5. d3 e5 6. Nbd2 Be7 7. e4 d4
8. Nc4 Qc7 9. a4 O-O 10. Nh4 g6 11. Bg5 Nh5 12. Qd2 f6 13. Bh6 Rf7 14. Bf3 Ng7
15. Ng2 Be6 16. h4 Bf8 17. h5 g5 18. Be2 Ne8 19. Bxf8 Rxf8 20. f4 h6 21. fxg5
fxg5 22. Rxf8+ Kxf8 23. Rf1+ Kg7 24. Qe1 Nf6 25. Nd2 Qa5 26. Nb3 Qxe1 27. Nxe1
b6 28. Nd2 g4 29. Ng2 Nxh5 30. Kh2 Rf8 31. Rxf8 Kxf8 32. Nh4 Kg7 33. Nf5+ Bxf5
34. exf5 Nf6 35. Ne4 h5 36. Kg2 Ne8 37. Kf2 Ne7 38. a5 Nxf5 39. a6 Nc7 0-1

[Event "Hazel Park (MCO/6/14)"]
[Site "?"]
[Date "1987.??.??"]
[Round "?"]
[White "Moody, David"]
[Black "Calton, David W"]
[Result "0-1"]
[WhiteElo "1995"]
[BlackElo "1665"]
[PlyCount "36"]
[EventDate "1987.??.??"]

{6/(14)} 1. e4 d6 2. d4 Nf6 3. Nc3 g6 4. Nf3 Bg7 5. Bc4 O-O 6. Bg5 Nxe4 7. Nxe4
d5 8. Bd3 dxe4 9. Bxe4 Nd7 10. Qe2 Nf6 11. O-O-O c6 12. Rhe1 Qa5 13. a3 Re8 14.
Ne5 Nxe4 15. Qxe4 Bf5 16. Qe2 f6 17. Nc4 Qc7 18. Bh4 Qf4+ 0-1

[Event "Lansing (MI Op/1a/17)"]
[Site "?"]
[Date "1987.??.??"]
[Round "?"]
[White "Moody, David"]
[Black "Braak, Dairen"]
[Result "0-1"]
[WhiteElo "2025"]
[BlackElo "1880"]
[PlyCount "38"]
[EventDate "1987.??.??"]

1. e4 c5 2. c3 Nf6 3. e5 Nd5 4. d4 d6 5. dxc5 dxe5 6. Bb5+ Bd7 7. Bxd7+ Qxd7 8.
Nf3 f6 9. Na3 Qc6 10. Nh4 g6 11. Qf3 f5 12. Bg5 e4 13. Qg3 Nd7 14. O-O-O Bg7
15. c4 Nb4 16. Bxe7 Be5 17. Qg5 Nxc5 18. Bxc5 Qxc5 19. Rhe1 Qxf2 0-1

[Event "Lansing (MI Op/7/19)"]
[Site "?"]
[Date "1987.??.??"]
[Round "?"]
[White "Moody, David"]
[Black "Ball, Ed"]
[Result "1/2-1/2"]
[WhiteElo "2025"]
[BlackElo "1740"]
[PlyCount "33"]
[EventDate "1987.??.??"]

{7/(19)} 1. e4 d5 2. exd5 Nf6 3. c4 c6 4. d4 e6 5. dxe6 Bxe6 6. Nf3 Bg4 7. Be2
Nbd7 8. O-O Bd6 9. Nc3 Qc7 10. Re1 O-O 11. b3 Bh5 12. Ne5 Bxe2 13. Qxe2 Rfe8
14. Bf4 Re7 15. c5 Bxe5 16. dxe5 Rae8 17. Rad1 1/2-1/2

[Event "Hazel Park (MCO/4/39)"]
[Site "?"]
[Date "1987.??.??"]
[Round "?"]
[White "Mohammed, A.."]
[Black "Watson, Terry"]
[Result "0-1"]
[WhiteElo "1605"]
[BlackElo "1655"]
[PlyCount "58"]
[EventDate "1987.??.??"]

{4/(39)} 1. d4 Nf6 2. c4 g6 3. Nc3 Bg7 4. e4 d6 5. Be2 O-O 6. Bd2 Nc6 7. d5 Nd4
8. f3 e5 9. Nb5 Nxe2 10. Nxe2 Nd7 11. Qc2 Qh4+ 12. g3 Qd8 13. O-O-O Nc5 14. Be3
a6 15. Na3 Bd7 16. Nc3 b5 17. Bxc5 dxc5 18. cxb5 axb5 19. Ncxb5 Bxb5 20. Qxc5
Be2 21. Qe3 Bxd1 22. Rxd1 Qd6 23. Rd2 Rfb8 24. Qc3 Bh6 25. f4 exf4 26. Rd4
fxg3+ 27. Kb1 gxh2 28. Rd1 Bg7 29. Nc4 Bxc3 0-1

[Event "Hazel Park (MCO/3/53)"]
[Site "?"]
[Date "1987.??.??"]
[Round "?"]
[White "Mohammed, A.."]
[Black "Miller, Dawn"]
[Result "1-0"]
[WhiteElo "1605"]
[BlackElo "1605"]
[PlyCount "37"]
[EventDate "1987.??.??"]

{3/(53)} 1. d4 d5 2. c4 Nf6 3. Nc3 Nc6 4. Bg5 Nb4 5. Bxf6 exf6 6. a3 Nc6 7.
cxd5 Ne7 8. e4 f5 9. f3 c6 10. Bc4 fxe4 11. fxe4 Ng6 12. dxc6 bxc6 13. Qf3 f6
14. e5 Be7 15. Qxc6+ Bd7 16. Qd5 Rf8 17. e6 Bxe6 18. Qxe6 Qb6 19. Bb5+ 1-0

[Event "Hazel Park (MCO/1/52)"]
[Site "?"]
[Date "1987.??.??"]
[Round "?"]
[White "Mohammed, A.."]
[Black "Lang, Brad"]
[Result "0-1"]
[WhiteElo "1605"]
[BlackElo "1755"]
[PlyCount "76"]
[EventDate "1987.??.??"]

{1/(52)} 1. b4 a5 2. b5 d5 3. a4 e5 4. d3 c6 5. Bb2 d4 6. c4 Bb4+ 7. Nd2 Nf6 8.
e3 dxe3 9. fxe3 Ng4 10. Qe2 Qg5 11. Ngf3 Qxe3 12. h3 Qxe2+ 13. Kxe2 Nh6 14.
Bxe5 O-O 15. Bxb8 Rxb8 16. Re1 Nf5 17. Kd1 Ng3 18. Rg1 Bf5 19. Re3 Rfe8 20. Ne5
Bc5 21. Rxg3 Bxg1 22. Nef3 Bf2 23. Rg5 g6 24. Ne4 Bxe4 25. dxe4 f6 26. Rg4 Kg7
27. Ke2 h5 28. Rf4 Bg3 29. Ke3 Bxf4+ 30. Kxf4 cxb5 31. cxb5 Rbd8 32. Bc4 Rd1
33. h4 Ra1 34. Bb3 Ra3 35. Nd4 Kh6 36. Bc2 Rd8 37. Ne6 Rd2 38. Bb1 Rf2# 0-1

[Event "Allendale (MI Am/4/12)"]
[Site "?"]
[Date "1987.??.??"]
[Round "?"]
[White "Mills, Dan"]
[Black "Wysocki, Jason"]
[Result "0-1"]
[WhiteElo "1605"]
[BlackElo "1700"]
[PlyCount "66"]
[EventDate "1987.??.??"]

{4/(12)} 1. d4 f5 2. Nf3 g6 3. c4 Bg7 4. Nc3 Nf6 5. Bg5 O-O 6. Bxf6 Bxf6 7. e4
fxe4 8. Nxe4 d5 9. Nxf6+ exf6 10. b3 Re8+ 11. Be2 Qe7 12. Rc1 Bg4 13. Rc3 Nc6
14. Re3 Qb4+ 15. Nd2 Rxe3 16. fxe3 Re8 17. Bxg4 Rxe3+ 18. Kf2 Rd3 19. Ke2 Qc3
20. Be6+ Kg7 21. Bxd5 Nxd4+ 22. Ke1 Nc2+ 23. Ke2 Re3+ 24. Kf2 Qd4 25. Nf3 Rxf3+
26. Kxf3 Qe3+ 27. Kg4 h5+ 28. Kh4 Qf4+ 29. g4 Qf2+ 30. Kh3 Ne3 31. Rf1 Nxf1 32.
Bg2 Ne3 33. Qd7+ Kh6 0-1

[Event "Allendale (MI Am/3/18)"]
[Site "?"]
[Date "1987.??.??"]
[Round "?"]
[White "Mills, Dan"]
[Black "Russell, K.."]
[Result "1-0"]
[WhiteElo "1605"]
[BlackElo "1605"]
[PlyCount "93"]
[EventDate "1987.??.??"]

{3/(18)} 1. d4 Nf6 2. c4 c5 3. Nc3 d6 4. Nf3 a6 5. Bg5 cxd4 6. Nxd4 e5 7. Nf3
Be7 8. e3 Be6 9. Bd3 h6 10. Bxf6 Bxf6 11. O-O d5 12. cxd5 Bxd5 13. Nxd5 Qxd5
14. Qc2 Nc6 15. a3 O-O 16. Rfd1 Qe6 17. Rac1 Rac8 18. Bf5 Nb4 19. Qxc8 Qxc8 20.
Rxc8 Rxc8 21. Bxc8 e4 22. axb4 exf3 23. gxf3 b6 24. Bxa6 Bxb2 25. Rd8+ Kh7 26.
Bd3+ g6 27. Rd6 h5 28. Rxb6 h4 29. b5 h3 30. Rc6 f5 31. b6 Kh6 32. b7 Be5 33.
Rc8 f4 34. b8=Q Bxb8 35. Rxb8 fxe3 36. fxe3 g5 37. e4 Kg7 38. Kf2 Kf6 39. Kg3
Ke5 40. Kxh3 Kf4 41. Rb4 Kxf3 42. e5 Ke3 43. e6 Kxd3 44. e7 Ke3 45. e8=Q+ Kf2
46. Qe4 g4+ 47. Kxg4 1-0

[Event "Hazel Park (MCO/5/49)"]
[Site "?"]
[Date "1987.??.??"]
[Round "?"]
[White "Miller, Dawn"]
[Black "Serwatowski, Felix"]
[Result "0-1"]
[WhiteElo "1605"]
[BlackElo "1605"]
[PlyCount "30"]
[EventDate "1987.??.??"]

{5/(49)} 1. e4 e5 2. Nf3 Nc6 3. Nc3 Bc5 4. Bc4 Nf6 5. d3 h6 6. O-O d6 7. Bd2
O-O 8. Qe1 Bg4 9. Bxh6 Bxf3 10. gxf3 Nh7 11. f4 Qh4 12. Bg5 Nxg5 13. fxg5 Nd4
14. Qd2 Nf3+ 15. Kh1 Qxh2# 0-1

[Event "Hazel Park (MCO/4/50)"]
[Site "?"]
[Date "1987.??.??"]
[Round "?"]
[White "Miller, Dawn"]
[Black "Kelly, M.."]
[Result "1/2-1/2"]
[WhiteElo "1605"]
[BlackElo "1605"]
[PlyCount "93"]
[EventDate "1987.??.??"]

{4/(50)} 1. e4 e5 2. Nf3 Nc6 3. Nc3 Nf6 4. Bc4 Bc5 5. d3 O-O 6. O-O d6 7. Nd5
h6 8. Be3 Bb6 9. Qe2 Be6 10. Rad1 Re8 11. b3 Bxd5 12. Bxd5 Rb8 13. Bxc6 bxc6
14. h3 Qe7 15. a4 Ba5 16. Bxa7 Rb7 17. Be3 d5 18. exd5 Nxd5 19. d4 Nc3 20. Qa6
Qb4 21. Rd2 Rb6 22. Qc4 Qxc4 23. bxc4 exd4 24. Rxd4 Ne2+ 25. Kh1 Nxd4 26. Nxd4
Bc3 27. c5 Ra6 28. Rd1 Rd8 29. Rd3 Bxd4 30. Bxd4 Rxa4 31. c3 Rc4 32. Re3 Kf8
33. Rg3 g6 34. Rg4 Rd7 35. Re4 Re7 36. f3 f5 37. Rf4 Kf7 38. g4 Ke6 39. gxf5+
gxf5 40. Rh4 Rh7 41. Rh5 Ra4 42. Kg2 Ra8 43. Kg3 Rg8+ 44. Kf4 Rg5 45. Rxg5
hxg5+ 46. Kxg5 Rxh3 47. Kf4 1/2-1/2

[Event "Hazel Park (MCO/2/51)"]
[Site "?"]
[Date "1987.??.??"]
[Round "?"]
[White "Miller, Dawn"]
[Black "Keeley, G.."]
[Result "0-1"]
[WhiteElo "1605"]
[BlackElo "1605"]
[PlyCount "60"]
[EventDate "1987.??.??"]

{2/(51)} 1. e4 e5 2. Nf3 Nc6 3. Nc3 d6 4. Bc4 Bg4 5. d3 Nf6 6. Bg5 h6 7. Be3
Qd7 8. h3 Bxf3 9. Qxf3 O-O-O 10. O-O Kb8 11. Nd5 Nxd5 12. Bxd5 f6 13. Qf5 Qe8
14. Qe6 Ne7 15. c4 g5 16. c5 Nxd5 17. exd5 dxc5 18. Qxf6 Bd6 19. Qe6 Qf8 20.
Rac1 Re8 21. Qd7 Re7 22. Qb5 a6 23. Qb3 Rf7 24. Qc4 g4 25. Qxg4 Rg8 26. Qc4 Rf3
27. Bxc5 Qg7 28. g3 Rxg3+ 29. fxg3 Qxg3+ 30. Kh1 Qxh3# 0-1

[Event "Hazel Park (MCO/3/49)"]
[Site "?"]
[Date "1987.??.??"]
[Round "?"]
[White "Miller, Dan"]
[Black "Feldman, J.."]
[Result "0-1"]
[WhiteElo "1605"]
[BlackElo "1605"]
[PlyCount "90"]
[EventDate "1987.??.??"]

{3/(49)} 1. d4 e5 2. dxe5 Nc6 3. f4 d6 4. exd6 Bxd6 5. e4 f5 6. e5 Qe7 7. Bb5
g5 8. Bxc6+ bxc6 9. Nf3 g4 10. Nd4 Bb7 11. Qe2 Bc5 12. Nxf5 Qf7 13. Be3 Bb4+
14. c3 Bxc3+ 15. Nxc3 Qxf5 16. O-O-O Ne7 17. Qd3 Qxd3 18. Rxd3 Nd5 19. Ne4
O-O-O 20. Bxa7 Nxf4 21. Rxd8+ Rxd8 22. g3 Ne2+ 23. Kb1 c5 24. Bxc5 Bxe4+ 25.
Ka1 Bxh1 26. a3 Rd1+ 27. Ka2 Nc1+ 28. Kb1 Nd3+ 29. Kc2 Nxc5 30. Kxd1 Nd3 31.
Ke2 Nxe5 32. b4 Nf3 33. h4 gxh3 34. a4 h2 35. a5 Nd4+ 36. Kd3 Nb5 37. Kc4 Na7
38. b5 Ba8 39. b6 cxb6 40. axb6 Nc6 41. Kc5 Kb7 42. g4 h1=Q 43. g5 Qe4 44. g6
hxg6 45. Kb5 Qb4# 0-1

[Event "Hazel Park (MCO/1/35)"]
[Site "?"]
[Date "1987.??.??"]
[Round "?"]
[White "Miller, Dan"]
[Black "Bolda, Dan G"]
[Result "0-1"]
[WhiteElo "1605"]
[BlackElo "1840"]
[PlyCount "46"]
[EventDate "1987.??.??"]

{1/(35)} 1. d4 Nf6 2. e3 g6 3. Nf3 Bg7 4. Nc3 O-O 5. Bc4 d5 6. Bb3 Nc6 7. O-O
Bg4 8. h3 Bf5 9. Ne5 Na5 10. Na4 Ne4 11. c4 f6 12. f3 Ng3 13. Nxg6 hxg6 14. Rf2
dxc4 15. Bd2 Nxb3 16. axb3 Be6 17. Nc5 Qc8 18. Bb4 Kf7 19. d5 Bxh3 20. Ne6 Bxe6
21. dxe6+ Qxe6 22. bxc4 Rh8 23. Rd2 Qxe3+ 0-1

[Event "Hazel Park (MCO/5/46)"]
[Site "?"]
[Date "1987.??.??"]
[Round "?"]
[White "Metzelaar, J.."]
[Black "Williams, C.."]
[Result "0-1"]
[WhiteElo "1605"]
[BlackElo "1605"]
[PlyCount "90"]
[EventDate "1987.??.??"]

{5/(46)} 1. d4 f5 2. c4 g6 3. Bf4 d6 4. Nc3 Bg7 5. Nf3 Nf6 6. e3 O-O 7. Bd3 h6
8. h4 Nbd7 9. Qc2 Ng4 10. d5 Nc5 11. O-O-O Nxd3+ 12. Rxd3 e5 13. dxe6 Bxe6 14.
b3 a5 15. Bg3 Qd7 16. Nd4 Ne5 17. Bxe5 Bxe5 18. Nxe6 Qxe6 19. g3 c6 20. Rhd1
Rfd8 21. f4 Bg7 22. Qd2 Bf8 23. Ne2 c5 24. Nc3 a4 25. Nxa4 Ra6 26. Nc3 Rda8 27.
a4 Qf6 28. Qb2 Bg7 29. R1d2 Qe7 30. Qc2 Qf6 31. Nd5 Qd8 32. Re2 Kh7 33. Rd1
R8a7 34. Rde1 Ra5 35. e4 b5 36. cxb5 Rxb5 37. axb5 Ra1+ 38. Kd2 Qa5+ 39. Ke3
Rxe1 40. Rxe1 Qxe1+ 41. Qe2 Bd4+ 42. Kf3 Qh1+ 43. Qg2 fxe4+ 44. Kg4 Qxg2 45. b6
h5+ 0-1

[Event "Hazel Park (MCO/2/31)"]
[Site "?"]
[Date "1987.??.??"]
[Round "?"]
[White "Metzelaar, J.."]
[Black "Towsley, J.."]
[Result "0-1"]
[WhiteElo "1605"]
[BlackElo "1750"]
[PlyCount "88"]
[EventDate "1987.??.??"]

{2/(31)} 1. d4 c6 2. c4 d5 3. e3 e6 4. Nf3 Nf6 5. Nc3 Nbd7 6. Bd3 dxc4 7. Bxc4
b5 8. Bd3 Bb7 9. O-O a6 10. a3 c5 11. Bc2 Rc8 12. Re1 cxd4 13. exd4 Bd6 14. Ne4
Bb8 15. Bg5 h6 16. Bh4 Qc7 17. Rc1 Qb6 18. Bg3 Bxg3 19. hxg3 O-O 20. Qd3 Nxe4
21. Rxe4 Bxe4 22. Qxe4 Nf6 23. Qd3 Rc7 24. Nd2 Rfc8 25. Nb3 Qd6 26. Nc5 e5 27.
Ne4 Nxe4 28. Qxe4 Qg6 29. Qxg6 fxg6 30. Bb3+ Kf8 31. Rxc7 Rxc7 32. dxe5 Rc1+
33. Kh2 Rb1 34. f4 Rxb2 35. Bd5 a5 36. Bc6 b4 37. axb4 Rxb4 38. Kh3 a4 39. Kg4
a3 40. Bd5 Rb2 41. Kf3 a2 42. Bxa2 Rxa2 43. g4 Ra3+ 44. Ke4 Rg3 0-1

[Event "Hazel Park (MCO/6/46)"]
[Site "?"]
[Date "1987.??.??"]
[Round "?"]
[White "Metzelaar, J.."]
[Black "Mohammed, A.."]
[Result "1-0"]
[WhiteElo "1605"]
[BlackElo "1605"]
[PlyCount "93"]
[EventDate "1987.??.??"]

{6/(46)} 1. d4 d5 2. c4 c6 3. cxd5 cxd5 4. Nc3 Nc6 5. Nf3 Bg4 6. Bf4 Bxf3 7.
gxf3 e6 8. e3 a6 9. Bd3 Bd6 10. Bg3 Bxg3 11. fxg3 Nge7 12. Rc1 Rc8 13. O-O O-O
14. Rf2 f5 15. a3 f4 16. gxf4 Kh8 17. Qf1 Nf5 18. Re1 Qh4 19. Rg2 Rf6 20. Bxf5
exf5 21. Nxd5 Re6 22. Rg3 Rh6 23. Qg2 Re8 24. Re2 g6 25. Rg5 Rf8 26. Nc3 Ne7
27. Qg3 Rd8 28. Qxh4 Rxh4 29. Rgg2 b5 30. b4 Nd5 31. Nxd5 Rxd5 32. Rc2 Rd6 33.
Rc7 Rh3 34. Rf2 h6 35. Kf1 g5 36. fxg5 hxg5 37. Ke2 Rhh6 38. Kd3 a5 39. Rfc2 a4
40. Rb7 Rc6 41. Rxc6 Rxc6 42. Rxb5 Rf6 43. e4 fxe4+ 44. Kxe4 Rf4+ 45. Ke3 Rh4
46. Rxg5 Rxh2 47. Ra5 1-0

[Event "Lansing (MI Op/5/32)"]
[Site "?"]
[Date "1987.??.??"]
[Round "?"]
[White "Mellen, Steve"]
[Black "Shaler, S.."]
[Result "1/2-1/2"]
[WhiteElo "1955"]
[BlackElo "1755"]
[PlyCount "37"]
[EventDate "1987.??.??"]

{5/(32)} 1. d4 Nf6 2. Nf3 g6 3. g3 Bg7 4. Bg2 O-O 5. O-O d6 6. c4 Nbd7 7. Nc3
e5 8. d5 a6 9. h3 Nb6 10. Qd3 e4 11. Nxe4 Nxe4 12. Qxe4 Re8 13. Qc2 Bf5 14. Qb3
Rxe2 15. Nd2 Qe8 16. g4 Bd7 17. Qd3 f5 18. Bf3 Re7 19. Rb1 1/2-1/2

[Event "Lansing (MI Op/3/26)"]
[Site "?"]
[Date "1987.??.??"]
[Round "?"]
[White "Mellen, Steve"]
[Black "Kornhauser, M.."]
[Result "0-1"]
[WhiteElo "1955"]
[BlackElo "1760"]
[PlyCount "62"]
[EventDate "1987.??.??"]

{3/(26)} 1. d4 Nf6 2. Nf3 g6 3. g3 Bg7 4. Bg2 O-O 5. O-O d6 6. c4 Nbd7 7. Nc3
e5 8. e4 exd4 9. Nxd4 Nc5 10. h3 Rb8 11. Be3 a6 12. Qc2 Bd7 13. b4 Ne6 14. Rfd1
Qc8 15. Kh2 Nh5 16. Rac1 f5 17. Qe2 f4 18. Nd5 Qd8 19. Nxe6 fxg3+ 20. fxg3 Bxe6
21. Qe1 Bxd5 22. Rxd5 Be5 23. Kg1 Bxg3 24. Qc3 Be5 25. Qd2 Nf4 26. Ra5 Qh4 27.
Bxf4 Bxf4 28. Qd5+ Kh8 29. Rd1 Qg3 30. Qd3 Qh2+ 31. Kf1 Bg3+ 0-1

[Event "Lansing (MI Op/1b/21)"]
[Site "?"]
[Date "1987.??.??"]
[Round "?"]
[White "Mellen, Steve"]
[Black "Dmuchowski, Frank"]
[Result "1-0"]
[WhiteElo "1955"]
[BlackElo "1775"]
[PlyCount "71"]
[EventDate "1987.??.??"]

1. Nf3 Nf6 2. d4 e6 3. e3 b6 4. Bd3 Bb7 5. Nbd2 Be7 6. O-O d5 7. Re1 Nbd7 8. c3
Ne4 9. Nf1 O-O 10. N3d2 f5 11. f3 Ng5 12. e4 fxe4 13. fxe4 Nf6 14. e5 Nfe4 15.
Nxe4 Nxe4 16. Bxe4 dxe4 17. Qg4 Rf5 18. Ng3 Bh4 19. Nxf5 exf5 20. Qxf5 Bxe1 21.
Bg5 Qd5 22. Rxe1 Rf8 23. Qg4 Qxa2 24. Bh6 Qf7 25. Qg3 Ba6 26. h4 Kh8 27. e6 Qe7
28. Qe5 Bd3 29. Bg5 Qd6 30. e7 Re8 31. Qf5 h6 32. Qf7 Bb5 33. Rxe4 hxg5 34.
hxg5 Qg3 35. g6 Rg8 36. Qxg8+ 1-0

[Event "Hazel Park (MCO/2/13)"]
[Site "?"]
[Date "1987.??.??"]
[Round "?"]
[White "Mellen, Steve"]
[Black "Ball, Ed"]
[Result "1-0"]
[WhiteElo "2055"]
[BlackElo "1785"]
[PlyCount "53"]
[EventDate "1987.??.??"]

{2/(13)} 1. d4 Nf6 2. Nf3 d5 3. e3 e6 4. Bd3 Bd6 5. Nbd2 Nbd7 6. O-O c6 7. Re1
O-O 8. e4 dxe4 9. Nxe4 Nxe4 10. Bxe4 Qc7 11. c4 Nf6 12. Bc2 c5 13. Qd3 Rd8 14.
Bg5 Be7 15. d5 h6 16. Bxf6 Bxf6 17. Qh7+ Kf8 18. Rab1 Qa5 19. a3 b5 20. Rbd1
Ke7 21. Ne5 Bxe5 22. Rxe5 bxc4 23. Qxg7 Bb7 24. Rxe6+ Kd7 25. Bf5 Kc7 26. Re7+
Kb6 27. Qf6+ 1-0

[Event "Hazel Park (MCO/6/27)"]
[Site "?"]
[Date "1987.??.??"]
[Round "?"]
[White "McNeilly, A.."]
[Black "Naidovich, A.."]
[Result "1-0"]
[WhiteElo "1755"]
[BlackElo "1605"]
[PlyCount "74"]
[EventDate "1987.??.??"]

{6/(27)} 1. e4 e5 2. Nf3 Nc6 3. Bb5 Bc5 4. O-O Nf6 5. Bxc6 dxc6 6. d3 Bg4 7. h3
Bxf3 8. Qxf3 h6 9. Qg3 O-O 10. Qxe5 Qd6 11. Qxd6 cxd6 12. Nc3 Bb6 13. Be3 Bc7
14. Bd4 Nh5 15. f4 c5 16. Be3 Nf6 17. Nb5 Bb8 18. c4 Re8 19. Rf3 b6 20. a4 a5
21. g4 Nh7 22. Raf1 f6 23. h4 Nf8 24. g5 hxg5 25. fxg5 fxg5 26. Bxg5 Ne6 27.
Be3 Rd8 28. b3 Rd7 29. h5 Kh7 30. h6 Nd4 31. Nxd4 cxd4 32. Bxd4 Bc7 33. hxg7
Rxg7+ 34. Bxg7 Rg8 35. Rh3+ Kxg7 36. Rg3+ Kh7 37. Rf7+ Rg7 1-0

[Event "Hazel Park (MCO/1/44)"]
[Site "?"]
[Date "1987.??.??"]
[Round "?"]
[White "McNeilly, A.."]
[Black "Miller, Dawn"]
[Result "1-0"]
[WhiteElo "1755"]
[BlackElo "1605"]
[PlyCount "63"]
[EventDate "1987.??.??"]

{1/(44)} 1. e4 e5 2. Nf3 Nc6 3. Bb5 Nf6 4. O-O Bc5 5. Bxc6 bxc6 6. Nxe5 Qe7 7.
d4 Bb6 8. Bg5 O-O 9. c3 Qe6 10. Bxf6 Qxf6 11. Qf3 Qe6 12. Nd2 Bb7 13. Qg4 c5
14. Qxe6 dxe6 15. dxc5 Bxc5 16. Nd7 Rfd8 17. Nxc5 Rab8 18. Ndb3 Bc6 19. Rfd1
Rxd1+ 20. Rxd1 a5 21. Nxa5 Ba4 22. Nxa4 h6 23. Nc6 Ra8 24. Rd8+ Rxd8 25. Nxd8
g5 26. Nc5 Kg7 27. a4 Kf6 28. a5 Ke5 29. a6 f5 30. a7 fxe4 31. a8=Q Kf4 32.
Qxe4# 1-0

[Event "Hazel Park (MCO/3/34)"]
[Site "?"]
[Date "1987.??.??"]
[Round "?"]
[White "McNeilly, A.."]
[Black "June, Brian"]
[Result "1-0"]
[WhiteElo "1755"]
[BlackElo "1605"]
[PlyCount "67"]
[EventDate "1987.??.??"]

{3/(34)} 1. e4 c5 2. Nf3 Nc6 3. d4 cxd4 4. Nxd4 e5 5. Nb3 Nf6 6. Bg5 Be7 7. Nc3
Bb4 8. Bc4 O-O 9. Qf3 Nd4 10. Qd3 Qb6 11. Bxf6 Qxf6 12. a3 Nxb3 13. Bxb3 Bc5
14. Qg3 Qg6 15. Qxg6 hxg6 16. Nd5 b6 17. f3 Bb7 18. O-O-O Rfd8 19. Kb1 Rac8 20.
h4 Kf8 21. h5 g5 22. Rh3 a5 23. Rdh1 b5 24. h6 gxh6 25. Rxh6 Kg7 26. Rh7+ Kf8
27. Rh8+ Kg7 28. R1h7+ Kg6 29. Rh6+ Kg7 30. R8h7+ Kf8 31. Rf6 Kg8 32. Rfxf7
Bxd5 33. Bxd5 a4 34. Rxd7+ 1-0

[Event "Hazel Park (MCO/4/30)"]
[Site "?"]
[Date "1987.??.??"]
[Round "?"]
[White "McGee, T.."]
[Black "Towsley, J.."]
[Result "1-0"]
[WhiteElo "1605"]
[BlackElo "1750"]
[PlyCount "77"]
[EventDate "1987.??.??"]

{4/(30)} 1. d4 c6 2. c4 d5 3. c5 Nf6 4. Nc3 e5 5. e3 e4 6. h3 Be7 7. Nge2 Nbd7
8. g4 Nf8 9. Ng3 h6 10. f3 exf3 11. Qxf3 Ng6 12. Nf5 Bxf5 13. gxf5 Nh4 14. Qf4
Nh5 15. Qg4 g6 16. Bd3 Rg8 17. fxg6 fxg6 18. Bxg6+ Nxg6 19. Qxh5 Bh4+ 20. Kd1
Qf6 21. Kc2 Bg5 22. Bd2 Qf5+ 23. Kb3 a5 24. h4 Qd3 25. Rad1 a4+ 26. Ka3 b5 27.
cxb6 Be7+ 28. b4 axb3+ 29. Kxb3 Ra3+ 30. Kb2 Bb4 31. Nb1 Rg7 32. Bxb4 Rxa2+ 33.
Kxa2 Qc2+ 34. Ka3 Rb7 35. Rd2 Qe4 36. Nc3 Qxh1 37. Qxg6+ Kd8 38. Qf6+ Kd7 39.
Qe7+ 1-0

[Event "Hazel Park (MCO/6/22)"]
[Site "?"]
[Date "1987.??.??"]
[Round "?"]
[White "McGee, T.."]
[Black "Haakonstad, Olaf"]
[Result "1/2-1/2"]
[WhiteElo "1605"]
[BlackElo "1835"]
[PlyCount "128"]
[EventDate "1987.??.??"]

{6/(22)} 1. d4 Nf6 2. c4 e6 3. Nc3 Bb4 4. Bg5 h6 5. Bd2 b6 6. f3 Nc6 7. e3 O-O
8. a3 Bxc3 9. Bxc3 d5 10. b4 Re8 11. Bd3 e5 12. Ne2 e4 13. fxe4 Nxe4 14. Bxe4
Rxe4 15. cxd5 Qxd5 16. Bd2 Re7 17. O-O Ba6 18. Nf4 Qd7 19. Rf3 Rae8 20. Rc1 Bb7
21. Rg3 Qf5 22. Nh5 g6 23. Qf3 Qxf3 24. gxf3 Kf8 25. e4 g5 26. Be3 f5 27. d5
Ne5 28. Bd4 f4 29. Rh3 Bc8 30. Bxe5 Rxe5 31. Nxf4 Bxh3 32. Nxh3 R8e7 33. Rc6
Rh7 34. Nf2 Ree7 35. Ng4 h5 36. Ne3 g4 37. Nf5 Re5 38. Nh4 Rg7 39. Ng6+ Rxg6
40. Rxg6 gxf3 41. Rf6+ Ke7 42. Rf4 Rg5+ 43. Kf2 Rg2+ 44. Kxf3 Rxh2 45. Kg3 Rh1
46. Rf3 Re1 47. Kf4 h4 48. Rh3 Rf1+ 49. Ke5 Ra1 50. Rxh4 Rxa3 51. Rh7+ Kd8 52.
Ke6 Kc8 53. e5 a5 54. bxa5 Rxa5 55. d6 cxd6 56. exd6 Ra1 57. Rh8+ Kb7 58. Rh7+
Kc8 59. Rc7+ Kd8 60. Rb7 Re1+ 61. Kd5 b5 62. Kc6 Rc1+ 63. Kxb5 Rb1+ 64. Kc6
Rc1+ 1/2-1/2

[Event "Hazel Park (MCO/1/19)"]
[Site "?"]
[Date "1987.??.??"]
[Round "?"]
[White "McGee, T.."]
[Black "Accad, W.."]
[Result "1/2-1/2"]
[WhiteElo "1605"]
[BlackElo "2015"]
[PlyCount "132"]
[EventDate "1987.??.??"]

{1/(19)} 1. d4 Nf6 2. c4 c5 3. d5 b5 4. b3 bxc4 5. bxc4 g6 6. g3 d6 7. Bg2 Bg7
8. Bb2 Qb6 9. Qc2 Nbd7 10. Nf3 Rb8 11. Bc3 Ba6 12. Na3 O-O 13. O-O Nh5 14. Rfb1
Qc7 15. Bxg7 Nxg7 16. Qa4 Bc8 17. Nb5 Qb7 18. Qxa7 Qxa7 19. Nxa7 Ba6 20. Rxb8
Rxb8 21. Nc6 Rb2 22. e4 Bxc4 23. a4 e6 24. Bf1 Bxf1 25. Kxf1 exd5 26. exd5 Nb6
27. a5 Nxd5 28. a6 Nc7 29. a7 Na8 30. Ng5 Ne6 31. Ne4 Rb6 32. Ne7+ Kg7 33. Nc8
Rc6 34. Nexd6 c4 35. Rc1 c3 36. Ke2 f5 37. f3 Nd4+ 38. Kd3 Nxf3 39. Rxc3 Rxc3+
40. Kxc3 Nxh2 41. Nc4 Nf1 42. N8b6 Nc7 43. Kd3 Nxg3 44. Ne3 Ne4 45. Ned5 Nc5+
46. Kd4 Nb5+ 47. Kxc5 Nxa7 48. Kd4 Nc6+ 49. Ke3 g5 50. Nc4 h5 51. Kf3 h4 52.
Nde3 Nd4+ 53. Kg2 g4 54. Ne5 g3 55. Kh3 f4 56. Kxh4 Kf6 57. N5g4+ Ke6 58. Kh3
Nf5 59. Nf1 Kd5 60. Nd2 Kd4 61. Nf3+ Kd3 62. Kg2 Ne7 63. Nf6 Ke3 64. Nh4 Ke2
65. Nh5 Nf5 66. Nxg3+ Nxg3 1/2-1/2

[Event "Hazel Park (MCO/5/35)"]
[Site "?"]
[Date "1987.??.??"]
[Round "?"]
[White "McCarter, Robert"]
[Black "Thurman, John"]
[Result "1-0"]
[WhiteElo "1630"]
[BlackElo "1735"]
[PlyCount "36"]
[EventDate "1987.??.??"]

{5/(35)} 1. d4 d5 2. Nf3 Nf6 3. Bf4 e6 4. e3 Bb4+ 5. Nbd2 Qe7 6. a3 Bd6 7. Bxd6
Qxd6 8. Bd3 c5 9. c3 Nc6 10. O-O O-O 11. b4 c4 12. Bc2 a6 13. Re1 e5 14. e4 b5
15. dxe5 Nxe5 16. Nxe5 Qxe5 17. Nf3 Qh5 18. exd5 Nxd5 1-0